Chronicle encyclopedia of history

Αποθηκεύτηκε σε:
Λεπτομέρειες βιβλιογραφικής εγγραφής
Συγγραφή απο Οργανισμό/Αρχή: DK Multimedia
Μορφή: Ηλεκτρονική πηγή
Γλώσσα:English
Δημοσίευση: London : DK Multimedia, c1997
Θέματα:
Ετικέτες: Προσθήκη ετικέτας
Δεν υπάρχουν, Καταχωρήστε ετικέτα πρώτοι!

MARC

LEADER 00000nmm a2200000 i 4500
001 1/12682
008 001016s1997 uk eng d
020 |a 0-7513-1668-7 
035 |l 10064297 
040 |a GR-MY-UA  |b gre  |e aacr 
041 0 |a eng 
082 0 |a 909 
245 1 0 |a Chronicle encyclopedia of history  |h [computer file] 
260 |a London :   |b DK Multimedia,   |c c1997 
300 |a 1 computer laser optical disc;  |c  4 3/4 in. 
505 0 |a "Four million years of world history presented through news articles, biogrphies, themed overviews, video, music, animations, artwork, and pictures." 
538 |a System requirements: windows 95 only; CPU 486DX/33MHz; RAM 12Mb; Screen display 640x480 pixels, 256 colours (16-bit colours preferred); CD-ROM speed double-speed; Available space on hard drive 41Mb; Audio 8-bit sound card. 
650 0 0 |a World history. 
710 2 |a DK Multimedia. 
852 |a INST  |b SAMOS  |c AV  |e 20001016  |h 909 CHR  |p 005300018907  |q 005300018907  |t CDROM  |y 23 
901 |a BIBL3-2000-2 
909 |a Σ  |b 079613 
922 |a 3ΕΛΗ  |b 200009  |c ΤΠΕΣ  |d ΠΑΠΑΣΩΤΗΡΙΟΥ 
970 |a ΠΟΥΡΝΑΡΑΣ  |b ΔΗΜΗΤΡΗΣ  |z 2000/10/16